000 00774nam a2200217Ii 4500
003 JO-AjNU
008 230605s9999||||xx |||||||||||||| ||und||
017 _a2001/3/501
040 _aJO-AjNU
_bara
_erda
_cJO-AjNU
041 _aara
050 1 4 _aPJ6065.M6 2001
100 3 _aتاليف بنات،محمد,
_eauthor
_922688
245 0 0 _aTeaching Arabic For Foreigners =تعلم اللغة العربية لغير الناطقين بها
250 _aط1
264 3 1 _aعمان: دار أسامة، 2001
300 _a160ص
336 _atext
_btxt
_2rdacontent
337 _aunmediated
_bn
_2rdamedia
338 _avolume
_bnc
_2rdacarrier
650 4 _aاللغة العربية-تعليم-تعليم اللغة العربية لغير الناطقين بها
_922689
999 _aA8093
_c11661
_d11661